Alle Gift Pokemon 1. Generation - Statistiken

Allgemein
  • Dieses Quiz wurde 54 mal gespielt
  • Das Durchschnittsergebnis liegt bei 27 aus 33
Antwortstatistiken
Antwort % Korrekt
Bisaflor
95%
Bisaknosp
95%
Bisasam
95%
Bibor
90%
Hornliu
87%
Smogmog
87%
Smogon
87%
Arbok
85%
Duflor
85%
Giflor
85%
Golbat
85%
Kokuna
85%
Rettan
85%
Sleima
85%
Sleimok
85%
Nidoking
82%
Nidoqueen
82%
Nidoran♀
82%
Nidoran♂
82%
Nidorina
82%
Nidorino
82%
Sarzenia
82%
Zubat
82%
Knofensa
79%
Myrapla
79%
Ultrigaria
79%
Nebulak
77%
Alpollo
74%
Gengar
74%
Tentacha
74%
Omot
72%
Tentoxa
72%
Bluzuk
69%
Keine übereinstimmenden Quizze gefunden
Verteilung der Resultate
Anzahl Personen mit jedem Resultat
Perzentil nach korrekt beantworteten Fragen
Ihre Resultats-Entwicklung
Sie haben dieses Quiz noch nicht gespielt